000 00362nam a2200169Ia 4500
008 221030s9999 xx 000 0 und d
020 _a8176567159
041 _aEnglish
082 _a105.23
100 _a1
245 0 _aNetworking Complete
_cby 1
250 _a3rd
260 _bBPB Pub
_aNew Delhi
_c2003
300 _a860
650 _aComputers
942 _cBK
999 _c46
_d46